[Event "AUTO-INT-896"]
[Site "http://www.queenalice.com/game.php?id=400780"]
[Date "2008.5.10"]
[Round "1"]
[White "THEJEGUE"]
[Black "cristianfln"]
[Result "1-0"]
[WhiteElo "1452"]
[BlackElo "1395"]

1. e4 e5 2. g3 c5 3. c4 h5 4. Bg2 a5 5. Nf3 f6 6. O-O a4 7. Na3 Qa5 8. d3 d6 9.
Nb5 g5 10. Bd2 Qb6 11. b4 cxb4 12. Bxb4 g4 13. Nh4 Nc6 14. Ng6 Rh6 15. Nxf8 Kxf8
16. Bxd6+ Nge7 17. Rb1 f5 18. Nc7 Qa7 19. Nxa8 Qxa8 20. Bxe7+ Nxe7 21. d4 Rd6
22. d5 Qa6 23. c5 Rd8 24. d6 Nc6 25. Re1 Be6 26. Rb6 Qa7 27. f3 Bxa2 28. Re2 Nd4
29. Rxa2 Ne6 30. Rxa4 Qb8 31. Rc4 f4 32. d7 Qc7 33. Qd6+ Qxd6 34. cxd6 Rxd7 35.
fxg4 Nd8 36. Rc7 Rxc7 37. dxc7 Nc6 38. c8=Q+ Ke7 39. Qxb7+ Kd6 40. Rxc6# 1-0

[Event "Challenge"]
[Site "http://www.queenalice.com/game.php?id=403333"]
[Date "2008.5.15"]
[Round "-"]
[White "cristianfln"]
[Black "Papageno"]
[Result "0-1"]
[WhiteElo "1416"]
[BlackElo "1872"]

1. h4 e5 2. g4 d5 3. g5 Nc6 4. a4 Bc5 5. e3 f6 6. d4 exd4 7. exd4 Bxd4 8. Ra3
fxg5 9. c3 Bb6 10. c4 gxh4 11. cxd5 Nb4 12. Rf3 Nxd5 13. Qe2+ Nge7 14. Bg5 Bg4
15. Bxe7 Nxe7 16. Bh3 Bxf3 17. Qxf3 Rf8 18. Qxb7 Bxf2+ 19. Kf1 Qd1+ 20. Kg2 Rd8
21. Nc3 Qc2 22. Nb5 Bg3+ 23. Ne2 Qxe2+ 24. Kg1 Rd1+ 25. Bf1 Rdxf1# 0-1

[Event "AUTO-OPEN-1151"]
[Site "http://www.queenalice.com/game.php?id=412300"]
[Date "2008.6.3"]
[Round "1"]
[White "KobeB"]
[Black "cristianfln"]
[Result "1-0"]
[WhiteElo "1745"]
[BlackElo "1444"]

1. e4 d5 2. exd5 Qxd5 3. Nc3 Qe5+ 4. Qe2 Qxe2+ 5. Bxe2 a5 6. Nf3 Ra6 7. O-O Re6
8. Re1 c5 9. Nd5 h5 10. Nc7+ Kd8 11. Nxe6+ Bxe6 12. Ng5 Ke8 13. Nxe6 fxe6 14.
Bb5+ Kf7 15. d3 Nf6 16. Bf4 Nc6 17. Bxc6 bxc6 18. Re2 g6 19. Rae1 Kg8 20. Rxe6
Nd5 21. Bg5 Nc7 22. Rxg6+ Kf7 23. Rxc6 Nd5 24. Rxc5 e6 25. Rxa5 Bb4 26. Rxd5
Bxe1 27. Re5 Rb8 28. Rxe1 Rxb2 29. c4 Rxa2 30. g3 Rd2 31. Bxd2 1-0

[Event "AUTO-OPEN-1151"]
[Site "http://www.queenalice.com/game.php?id=412301"]
[Date "2008.6.3"]
[Round "1"]
[White "cristianfln"]
[Black "KobeB"]
[Result "0-1"]
[WhiteElo "1448"]
[BlackElo "1745"]

1. g4 d5 2. h3 h5 3. g5 h4 4. Nf3 Nc6 5. Nxh4 Rxh4 6. e3 e5 7. d4 Qxg5 8. f4
exf4 9. exf4 Qg3+ 10. Kd2 Bxh3 11. Rxh3 Rxh3 12. Bxh3 Qxh3 13. Qe2+ Be7 14. Nc3
O-O-O 15. Nb5 Bf6 16. Nxa7+ Nxa7 17. b3 Bxd4 18. Rb1 Nf6 19. Ba3 Ne4+ 20. Ke1
Qh1+ 21. Qf1 Bc3+ 22. Ke2 Ng3+ 23. Kf2 Nxf1 24. Rxf1 Bd4+ 25. Ke2 Re8+ 26. Kd3
Qxf1+ 27. Kxd4 Nb5+ 28. Kxd5 Nxa3 29. c4 Qd3+ 30. Kc5 Qd6# 0-1

[Event "AUTO-OPEN-1151"]
[Site "http://www.queenalice.com/game.php?id=412326"]
[Date "2008.6.3"]
[Round "1"]
[White "cristianfln"]
[Black "Eddiemasses"]
[Result "1-0"]
[WhiteElo "1423"]
[BlackElo "1311"]

1. b4 Nf6 2. d4 d5 3. e3 e6 4. h4 Bxb4+ 5. Bd2 Qd6 6. c3 Ba5 7. Qa4+ Nc6 8. Na3
Bd7 9. Nb5 Qe7 10. Nxc7+ Bxc7 11. Qb5 Bb6 12. a4 Na5 13. Qb2 1-0

[Event "AUTO-OPEN-1151"]
[Site "http://www.queenalice.com/game.php?id=412327"]
[Date "2008.6.3"]
[Round "1"]
[White "Eddiemasses"]
[Black "cristianfln"]
[Result "0-1"]
[WhiteElo "1353"]
[BlackElo "1381"]

1. e4 d5 2. exd5 Qxd5 3. Nc3 Qe5+ 4. Be2 f5 5. Nf3 Qe6 6. Nd4 Qg6 7. d3 Qxg2 8.
Bf3 Qg6 9. Bh5 Qxh5 10. Qxh5+ g6 11. Qf3 c5 12. Nde2 a6 0-1

[Event "AUTO-OPEN-1151"]
[Site "http://www.queenalice.com/game.php?id=412328"]
[Date "2008.6.3"]
[Round "1"]
[White "cristianfln"]
[Black "Dalri_Ultreya"]
[Result "0-1"]
[WhiteElo "1433"]
[BlackElo "1618"]

1. e3 d5 2. d3 e5 3. d4 e4 4. c3 Nf6 5. f4 Nc6 6. h4 Bd6 7. Nh3 O-O 8. Rg1 a6 9.
g4 Nh5 10. gxh5 Qxh4+ 11. Nf2 h6 12. Rg4 Qxh5 13. Rxg7+ Kxg7 14. Qxh5 Ne7 15.
Be2 c6 16. f5 Nxf5 17. c4 Ng3 18. Bg4 f5 19. Bh3 Nxh5 20. b3 Bg3 21. a4 Be6 22.
Bd2 Rae8 23. Nc3 f4 0-1

[Event "AUTO-OPEN-1151"]
[Site "http://www.queenalice.com/game.php?id=412329"]
[Date "2008.6.3"]
[Round "1"]
[White "Dalri_Ultreya"]
[Black "cristianfln"]
[Result "1-0"]
[WhiteElo "1627"]
[BlackElo "1424"]

1. d4 d6 2. d5 e6 3. e4 exd5 4. exd5 c5 5. c4 h5 6. h3 Rh6 7. Bxh6 gxh6 8. Nf3
Qe7+ 9. Be2 a5 10. O-O Nf6 11. Re1 b6 12. Bd3 Be6 13. dxe6 fxe6 14. Bf5 Qg7 15.
Bxe6 Nc6 16. Bd5+ Kd7 17. Bxc6+ Kxc6 18. Nc3 Be7 19. Qa4+ Kb7 20. Rad1 Rg8 21.
g3 h4 22. Nxh4 Qf7 23. Nf5 Rg5 24. Rxe7+ 1-0

[Event "AUTO-INT-921"]
[Site "http://www.queenalice.com/game.php?id=412354"]
[Date "2008.6.3"]
[Round "1"]
[White "cristianfln"]
[Black "Velasquez"]
[Result "0-1"]
[WhiteElo "1448"]
[BlackElo "1776"]

1. e3 d5 2. Nc3 Nf6 3. Bb5+ c6 4. Bd3 Bg4 5. f3 Bh5 6. g4 Bg6 7. e4 dxe4 8. fxe4
e5 9. Nf3 Nxg4 10. O-O Bc5+ 11. Kg2 h5 12. Na4 Be7 13. Nc5 Bxc5 14. Nxe5 Qd6 15.
Nxg6 Qxg6 16. Qf3 Ne3+ 17. Kf2 Nxf1+ 18. Kxf1 O-O 19. e5 Qg1+ 20. Ke2 Qxh2+ 21.
Ke1 g6 22. Be4 Nd7 23. a3 Nxe5 24. Qc3 Qg1+ 25. Ke2 Qf2+ 0-1

[Event "AUTO-INT-921"]
[Site "http://www.queenalice.com/game.php?id=412355"]
[Date "2008.6.3"]
[Round "1"]
[White "Velasquez"]
[Black "cristianfln"]
[Result "1-0"]
[WhiteElo "1726"]
[BlackElo "1435"]

1. e4 d5 2. exd5 Qxd5 3. Nc3 Qe5+ 4. Qe2 Qxe2+ 5. Bxe2 h5 6. d4 g5 7. Bxg5 f6 8.
Bf4 e5 9. dxe5 Bd7 10. Nd5 a5 11. Nxc7+ Kd8 12. Nxa8 Bb4+ 13. c3 Bc5 14. O-O-O
Ne7 15. e6 Bxf2 16. Rxd7+ Nxd7 17. Nh3 Nc5 18. Nxf2 Nxe6 19. Rd1+ Kc8 20. Nb6#
1-0

[Event "AUTO-INT-921"]
[Site "http://www.queenalice.com/game.php?id=412357"]
[Date "2008.6.3"]
[Round "1"]
[White "lcristante"]
[Black "cristianfln"]
[Result "1-0"]
[WhiteElo "1670"]
[BlackElo "1440"]

1. e4 d5 2. exd5 Qxd5 3. Nc3 Qe5+ 4. Be2 a5 5. Nf3 Qf4 6. d4 Qf6 7. Nd5 Qg6 8.
O-O h5 9. Nxc7+ Kd8 10. Nxa8 f5 11. Be3 h4 12. h3 Nf6 13. Ne5 Qh7 14. Nf7+ 1-0

[Event "AUTO-INT-921"]
[Site "http://www.queenalice.com/game.php?id=412358"]
[Date "2008.6.3"]
[Round "1"]
[White "cristianfln"]
[Black "Eddiemasses"]
[Result "1-0"]
[WhiteElo "1396"]
[BlackElo "1338"]

1. e4 c5 2. d4 cxd4 3. Qxd4 Nc6 4. Qc5 d6 5. Qb5 a6 6. Qc4 Be6 7. Qc3 d5 8. h4
d4 9. Qd3 g6 10. c3 Bg7 11. Nf3 Bg4 12. cxd4 1-0

[Event "AUTO-INT-921"]
[Site "http://www.queenalice.com/game.php?id=412359"]
[Date "2008.6.3"]
[Round "1"]
[White "Eddiemasses"]
[Black "cristianfln"]
[Result "0-1"]
[WhiteElo "1324"]
[BlackElo "1410"]

1. Nc3 d5 2. Nxd5 Qxd5 3. Nf3 e5 4. d3 Bb4+ 5. c3 Bc5 6. e4 Qe6 7. d4 exd4 8.
cxd4 Bb4+ 9. Nd2 Nf6 10. e5 Ne4 11. f3 Nxd2 12. Bxd2 Bxd2+ 0-1